02149nam a2200349 u 4500001001000000003000900010005001700019008004100036040002500077082003300102100005100135245009100186250002100277260008300298300002500381500003700406504007400443533010300517590002600620651005700646651004200703651006100745651006100806910003800867942001400905952015200919952015201071952021701223952020101440952014301641999001501784000002931DO-SdBNP20210802080313.0090703s1988 dr ab r 000 0 spa d aDO-SdBNPbspacBNPHU a341.42729307294bP349h, 19881 aPeña Batlle, Manuel Arturo,d1902-19529840610aHistoria de la cuestión fronteriza dominico-haitiana /cManuel Arturo Peña Batlle. a2a ed. fascím. aSanto Domingo :bSociedad Dominicana de Bibliófilos,c1988.eAmigo del Hogar av. :bmap. ;c23 cm. aLa biblioteca posee el volumen 1 aIncluye referencias bibliográficas y notas al pie de las páginas. aFacsímil:bCiudad Trujillo, República Dominicana :cCasa editora Luis Sánchez Andujar,d1946 aInventariado, 2018/BT14aRepública DominicanaxIncidentes fronterizos9840714aHaitíxIncidentes fronterizos9840814aRepública DominicanaxHistoriaxLimiteszHaití9840914aHaitíxHistoriaxLimiteszRepública Dominicana98410 aValidado. Control de calidad. EMS 2ddccLBS1 001054708PDaGRbGRcHDd2009-07-06iLF1l0o341.42729307294 P349h, 1988 | v. 1, e. 3p2931-30r2020-06-25w2020-06-25yLFPDZPréstamo en sala 001054708PDaGRbGRcHDd2009-09-03iLF1l0o341.42729307294 P349h, 1988 | v. 1, e. 4p2931-40r2020-06-25w2020-06-25yLFPDZPréstamo en sala 001054708PDaGRbGRcHDd2011-03-28iLF1l0o341.42729307294 P349h, 1988 | v. 1, e. 5p2931-50r2020-06-25w2020-06-25yLFPDzPerteneció a la biblioteca personal de Josefina Garrido de C.ZPréstamo en sala 0010718PDaPDbPDcHDd2009-07-06iLF1l0o341.42729307294 P349h, 1988 | v. 1p2931-10r2020-06-25w2020-06-25yLFPDzPerteneció a la biblioteca personal de Germán Emilio OrnesZNo se presta 0010718PDaPDbPDcHDd2009-07-06iLF1l0o341.42729307294 P349h, 1988 | v. 1, e. 2p2931-20r2020-06-25w2020-06-25yLFPDZNo se presta c2764d2764